Normal view
MARC view
Entry Geographic Name
001 - CONTROL NUMBER
- control field: 11196
003 - CONTROL NUMBER IDENTIFIER
- control field: ARRUPE
005 - DATE AND TIME OF LATEST TRANSACTION
- control field: 20140910115422.0
008 - FIXED-LENGTH DATA ELEMENTS
- fixed length control field: 140910|| aca||aabn | a|a d
040 ## - CATALOGING SOURCE
- Original cataloging agency: ARRUPE
- Transcribing agency: ARRUPE
151 ## - HEADING--GEOGRAPHIC NAME
- Geographic name: England
- General subdivision: Church history
- Chronological subdivision: 16th century.
670 ## - SOURCE DATA FOUND
- Source citation: Work cat.: (ARRUPE)0: McCoog, Thomas M. 7117, "And touching our society" :, c2013.